Euro k nám samo nepříjde (opatření, která je třeba udělat)

Euro a jeho zavádzanie v nových členských krajinách. Plnenie kritérií pre zavedenie eura v rokoch 2004 a 2008. Pravidla a postupy pre zavedenie eura. Vybrané vecné problémy pri zavádzaní eura v Českej republike so zreteľom na prípravu finančného sektora.

Salvato in:
Dettagli Bibliografici
Autore principale: Mička, Přemysl
Natura: Capitolo di libro
Lingua:ceco
Soggetti:
Tags: Aggiungi Tag
Nessun Tag, puoi essere il primo ad aggiungerne!!

MARC

LEADER 00000naa$a2200000$$$4500
001 0086197
005 20220713131051.2
041 0 |a cze 
044 |a CZ 
245 1 0 |a Euro k nám samo nepříjde (opatření, která je třeba udělat)  |c Přemysl Mička 
520 |a Euro a jeho zavádzanie v nových členských krajinách. Plnenie kritérií pre zavedenie eura v rokoch 2004 a 2008. Pravidla a postupy pre zavedenie eura. Vybrané vecné problémy pri zavádzaní eura v Českej republike so zreteľom na prípravu finančného sektora. 
610 2 0 |a Európska menová únia 
610 2 0 |a euro 
610 2 0 |a Česko 
610 2 0 |a reformy menové 
610 2 0 |a harmonizácia 
610 2 0 |a stabilita cien 
610 2 0 |a stabilita finančná 
100 1 |a Mička, Přemysl